Biggest Cities of Mandatory Palestine with a Map - Statistics

General Stats
  • This quiz has been taken 792 times
    654 since last reset
  • The average score is 13 of 100
Answers on the Map
Answers color-coded by a green-red scale on the quiz's map according to % correct below.
 
Answer Stats
Population City Largest Religion % % Correct
34,250 Gaza City 96,8
96%
157,080 Jerusalem 61,7
96%
166,660 Tel Aviv 99,6
93%
128,800 Haifa 51,2
83%
14,200 Nazareth 60,5
68%
8,820 Bethlehem 72,9
66%
5,080 Ramallah 87,4
63%
94,310 Jaffa 53,9
62%
24,560 Hebron 99,3
50%
5,570 Beersheba 96,2
46%
3,010 Jericho 85,3
43%
12,360 Acre 80,0
40%
23,250 Nablus 96,1
39%
9,910 Al-Majdal 99,0
37%
4,910 Isdud 94,0
34%
11,220 Khan Yunis 99,6
31%
11,310 Tiberias 53,0
27%
4,900 Netanya 100
24%
3,990 Jenin 96,2
21%
15,160 Ar-Ramleh 78,4
18%
17,250 Petah Tikva 99,1
16%
11,930 Safed 76,2
16%
16,780 Lydda 88,8
15%
8,100 Rishon LeZion 100
15%
9,100 Ramat Gan 100
13%
3,280 Holon 100
12%
3,520 Jabaliya 100
11%
4,650 Herzliya 100
10%
8,090 Tulkarm 96,2
10%
5,760 Bnei Brak 100
8%
7,520 Hadera 99,7
8%
5,850 Qalqilya 99,8
8%
2,310 Afula 99,5
7%
5,180 Baysan 91,3
7%
2,560 Dayr al-Balah 98,4
7%
10,020 Rehovot 99,8
7%
9,700 Dura 100
5%
5,800 Givatayim 100
5%
4,320 Kfar Saba 100
5%
3,290 Ra'anana 100
5%
~5,000 Tubas 100
5%
5,260 Yatta 100
5%
5,420 Yibna 99,6
5%
~4,500 Umm al-Fahm 100
4%
2,920 Al-Bireh 90,4
3%
4,290 Al-Tayyiba 100
3%
3,180 Al-Tira 100
3%
3,710 Bayt Jala 94,6
3%
4,330 Saffuriyya 99,7
3%
5,270 Tirat al-Lawz 99,4
3%
3,810 Arraba 100
2%
2,520 As-Samu 100
2%
4,120 Balad as-Shaykh 100
2%
2,770 Bayt Sahur 86,6
2%
3,380 Halhul 100
2%
5,230 Kiryat Haim 100
2%
2,740 Kiryat Motzkin 100
2%
2,550 Lifta 99,2
2%
2,530 Pardes Hanna 73,5
2%
3,670 Qabatiya 100
2%
2,600 Sakhnin 88,8
2%
3,640 Shafa 'Amr 42,8
2%
2,850 Silat ad-Dhahr 100
2%
3,820 Silwan 96,3
2%
~3,000 Ya'bad 100
2%
3,760 Ad-Dhahiriya 100
1%
5,800 Al-'Abbasiyya 97,0
1%
2,950 Al-Bassa 53,8
1%
3,710 Al-Dawayima 100
1%
4,670 Al-Faluja 100
1%
2,420 Al-Jura 100
1%
2,520 Al-Masmiyya al-Kabira 99,6
1%
2,520 Al-Yamun 100
1%
~2,800 Anabta ~99
1%
2,480 Aqir 100
1%
2,650 Attil 100
1%
2,770 At-Tur 85,9
1%
3,180 Ayn Karim 78,9
1%
3,220 Bani Suheila 100
1%
3,840 Bayt Dajan 96,6
1%
2,430 Bayt Jibrin 100
1%
2,590 Burqa 93,0
1%
5,070 Hamama 98,6
1%
2,970 Ijzim 95,2
1%
2,710 Sa'ir 100
1%
6,730 Salama 99,1
1%
3,460 Samakh 95,9
1%
2,370 Shuweika 100
1%
3,830 Tarshiha 81,9
1%
4,030 Yazur 99,5
1%
~3,700 'Ajjur ~99
0%
3,070 Al-Safiriyya 100
0%
2,410 Barbara 100
0%
2,750 Bayt Daras 100
0%
2,400 Bayt Mahsir 100
0%
2,310 Bayt Nabala 100
0%
2,740 Burayr 100
0%
3,020 Kafr 'Ana 92,7
0%
2,350 Lubya 100
0%
2,380 Zarnuqa 100
0%
No matching quizzes found
Score Distribution
Percent of People with Each Score
Percentile by Number Answered
Your Score History
You have not taken this quiz since the last reset